[Event "55th World U20 ch"]
[Site "Bhubaneswar IND"]
[Date "2016.08.12"]
[Round "5.3"]
[White "Karthikeyan, Murali"]
[Black "Svane, Rasmus"]
[Result "1-0"]
[WhiteElo "2514"]
[BlackElo "2546"]
[EventDate "2016.08.08"]
[PlyCount "73"]

1.e4 c6 2.d4 d5 3.e5 Bf5 4.h4 h5 5.c4 e6 6.Nc3 Ne7 7.Nge2 dxc4 8.Ng3 Bd3 
9.Bxd3 cxd3 10.Qxd3 Nd7 11.Qe2 Nb6 12.Be3 Ned5 13.Bg5 Be7 14.Nce4 f6 15.
exf6 gxf6 16.Bd2 Qd7 17.Nc5 Bxc5 18.dxc5 Nc8 19.Nxh5 Nce7 20.O-O-O O-O-O 
21.Ng3 e5 22.Ne4 Nf5 23.Ba5 Nd4 24.Rxd4 exd4 25.Bxd8 Qxd8 26.Qd2 Qg8 27.g3
f5 28.Nd6+ Kc7 29.Qxd4 f4 30.Qe5 Kd7 31.Re1 fxg3 32.Qf5+ Kc7 33.Re8 Qxe8 
34.Nxe8+ Rxe8 35.fxg3 Re1+ 36.Kd2 Rd1+ 37.Ke2 1-0

[Event "55th World U20 ch"]
[Site "Bhubaneswar IND"]
[Date "2016.08.12"]
[Round "5.4"]
[White "Beradze, Irakli"]
[Black "Maghsoodloo, Parham"]
[Result "1/2-1/2"]
[WhiteElo "2440"]
[BlackElo "2576"]
[EventDate "2016.08.08"]
[PlyCount "165"]

1.d4 Nf6 2.Nf3 g6 3.Nbd2 d5 4.e3 Bg7 5.b4 O-O 6.Bb2 Bf5 7.c4 c6 8.Be2 Nbd7
9.O-O Ne4 10.cxd5 cxd5 11.Nxe4 Bxe4 12.Nd2 Bf5 13.Rc1 Qb6 14.Qb3 Rfd8 15.
Qxd5 e5 16.Qb3 exd4 17.exd4 Bxd4 18.Nc4 Qf6 19.Bxd4 Qxd4 20.Rfd1 Qf6 21.
Nd6 Be6 22.Bc4 Bxc4 23.Rxc4 Qe6 24.Nxb7 Re8 25.h3 Nb6 26.Rc7 Qxb3 27.axb3 
Kf8 28.Na5 Rec8 29.Rb7 Rcb8 30.Rxb8+ Rxb8 31.Nc6 Rb7 32.b5 Rc7 33.Rd8+ Kg7
34.b4 Nc8 35.Kf1 Kf6 36.Ke2 Ke6 37.Re8+ Kd7 38.Rd8+ Ke6 39.Kd3 Nd6 40.Nd4+
Ke7 41.Ra8 Kd7 42.g4 Rb7 43.Rh8 Nxb5 44.Rxh7 Nd6 45.Nc2 a5 46.bxa5 Ra7 47.
Ke2 Rxa5 48.Kf3 Ke6 49.Ne3 Ra8 50.h4 Rg8 51.h5 gxh5 52.Rxh5 f6 53.Ra5 Rg5 
54.Ra6 Ke7 55.Kf4 Rb5 56.Ra4 Rc5 57.f3 Ke6 58.Ra6 Ke7 59.Kg3 Rb5 60.Ra7+ 
Ke8 61.Nc2 Rd5 62.Nb4 Rb5 63.Nc6 Rc5 64.Nd4 Re5 65.Kf4 Rc5 66.Ne6 Rc4+ 67.
Kg3 Nc8 68.Rb7 Ne7 69.f4 Nd5 70.Kf3 Ne7 71.f5 Nc6 72.Kg3 Ne5 73.Rg7 Rc3+ 
74.Kg2 Rc2+ 75.Kg3 Rc3+ 76.Kf2 Rc4 77.Kg3 Rc3+ 78.Kh4 Nf3+ 79.Kh5 Ne5 80.
Rg8+ Kf7 81.Rg7+ Ke8 82.Nc7+ Kf8 83.Ne6+ 1/2-1/2

[Event "55th World U20 ch"]
[Site "Bhubaneswar IND"]
[Date "2016.08.12"]
[Round "5.5"]
[White "Aravindh, Chithambaram"]
[Black "Akash, Ganesan"]
[Result "1-0"]
[WhiteElo "2543"]
[BlackElo "2400"]
[EventDate "2016.08.08"]
[PlyCount "79"]

1.e4 c5 2.Nf3 Nc6 3.d4 cxd4 4.Nxd4 e5 5.Nb5 d6 6.N1c3 a6 7.Na3 Be7 8.Nc4 
Nf6 9.Ne3 O-O 10.Bd3 Be6 11.O-O Nd7 12.Ncd5 Bg5 13.c3 Bxe3 14.Nxe3 Nf6 15.
Qe2 Ne7 16.c4 Nc6 17.b3 b5 18.Bb2 Nd4 19.Qd1 Qb6 20.Re1 Rac8 21.Qd2 Rfd8 
22.Rad1 Qb7 23.f3 Qb6 24.Kh1 Nd7 25.Bf1 Nc6 26.cxb5 axb5 27.Qe2 b4 28.Rxd6
Qa5 29.Nd5 Qc5 30.Rxc6 Rxc6 31.Rc1 Qxc1 32.Bxc1 Rxc1 33.Kg1 Bxd5 34.exd5 
Nf6 35.Qd2 Rc3 36.Bc4 e4 37.fxe4 Nxe4 38.Qe1 Nf6 39.h3 Re8 40.Qd2 1-0

[Event "55th World U20 ch"]
[Site "Bhubaneswar IND"]
[Date "2016.08.12"]
[Round "5.6"]
[White "Xu Yinglun"]
[Black "Visakh, N. R."]
[Result "1-0"]
[WhiteElo "2516"]
[BlackElo "2431"]
[EventDate "2016.08.08"]
[PlyCount "119"]

1.d4 d5 2.c4 e6 3.Nc3 Be7 4.Bf4 Nf6 5.e3 O-O 6.Rc1 Nbd7 7.cxd5 exd5 8.Nf3 
c6 9.h3 Re8 10.Bd3 Nf8 11.O-O Ng6 12.Bh2 Bd6 13.Bxd6 Qxd6 14.Qc2 Re7 15.
Rb1 a5 16.a3 b5 17.Rbc1 Bd7 18.a4 b4 19.Ne2 Ne4 20.Bxe4 Rxe4 21.Nd2 Ree8 
22.Nb3 Qf6 23.Ng3 Qg5 24.Nc5 Bc8 25.Qd1 Nh4 26.Kh2 Nf5 27.Nxf5 Bxf5 28.Qf3
Bc8 29.Rfe1 Qd8 30.Rc2 Re7 31.Qf4 Bd7 32.Qd6 Be8 33.Qxd8 Rxd8 34.Nb3 Ra8 
35.g4 f6 36.Kg3 Kf8 37.f3 Rea7 38.h4 Rd8 39.g5 Kf7 40.Rc5 Rda8 41.gxf6 
Kxf6 42.Nc1 Ke6 43.Nd3 Kd6 44.Ne5 Re7 45.Rec1 Ra6 46.b3 Re6 47.e4 dxe4 48.
fxe4 Ke7 49.R5c4 Rd6 50.Kf4 Rf6+ 51.Ke3 Rh6 52.Nf3 Bh5 53.Ng5 Be8 54.d5 
Ra7 55.Nf3 cxd5 56.exd5 Kd6 57.Re4 Bh5 58.Rc6+ Kd7 59.Ne5+ Kd8 60.Rxh6 1-0

[Event "55th World U20 ch"]
[Site "Bhubaneswar IND"]
[Date "2016.08.12"]
[Round "5.7"]
[White "Praggnanandhaa, R."]
[Black "Gagare, Shardul"]
[Result "1/2-1/2"]
[WhiteElo "2429"]
[BlackElo "2486"]
[EventDate "2016.08.08"]
[PlyCount "49"]

1.e4 e6 2.d4 d5 3.Nc3 Nf6 4.Bg5 dxe4 5.Nxe4 Nbd7 6.Nf3 h6 7.Nxf6+ Nxf6 8.
Be3 Nd5 9.Qd2 Bd6 10.O-O-O Qe7 11.Kb1 O-O 12.c3 Bd7 13.Bd3 Rad8 14.Bc2 
Nxe3 15.Qxe3 Bc6 16.Ne5 Bxe5 17.Qxe5 Qg5 18.f3 Qxe5 19.dxe5 Rfe8 20.c4 Kf8
21.Kc1 Kg8 22.Kb1 Kf8 23.Kc1 Kg8 24.Kb1 Kf8 25.Kc1 1/2-1/2

[Event "55th World U20 ch"]
[Site "Bhubaneswar IND"]
[Date "2016.08.12"]
[Round "5.8"]
[White "Rakesh, Kumar Jena"]
[Black "Nasuta, Grzegorz"]
[Result "0-1"]
[WhiteElo "2161"]
[BlackElo "2442"]
[EventDate "2016.08.08"]
[PlyCount "89"]

1.Nf3 Nf6 2.g3 g6 3.Bg2 Bg7 4.O-O d5 5.d4 O-O 6.c4 dxc4 7.Na3 c3 8.bxc3 c5
9.Nc4 Nc6 10.Nce5 Nd5 11.Bb2 Qc7 12.Nxc6 bxc6 13.c4 Nb6 14.Qc2 Bf5 15.e4 
Bg4 16.dxc5 Nd7 17.Bxg7 Kxg7 18.Qc3+ e5 19.Qa3 Rfd8 20.Rad1 Nf6 21.Rd6 
Bxf3 22.Bxf3 Ne8 23.Rdd1 Qe7 24.Bg2 h5 25.Qa5 Rab8 26.h3 h4 27.g4 Kh7 28.
Rxd8 Rxd8 29.f4 exf4 30.Rxf4 Rd1+ 31.Rf1 Rxf1+ 32.Kxf1 Ng7 33.e5 Qxe5 34.
Qe1 Qg5 35.Kg1 Qxc5+ 36.Kh1 Ne6 37.Qxh4+ Kg7 38.Qg3 Qxc4 39.Qe5+ Kh7 40.
Qf6 Kg8 41.Qe7 Qxa2 42.Qe8+ Kg7 43.Bxc6 Qa1+ 44.Kh2 Qe5+ 45.Kh1 0-1

[Event "55th World U20 ch"]
[Site "Bhubaneswar IND"]
[Date "2016.08.12"]
[Round "5.9"]
[White "Alexeenko, Kiril"]
[Black "Gandhi, Anish"]
[Result "1-0"]
[WhiteElo "2582"]
[BlackElo "2156"]
[EventDate "2016.08.08"]
[PlyCount "115"]

1.e4 c5 2.Nf3 d6 3.d4 cxd4 4.Nxd4 Nf6 5.Nc3 a6 6.Nb3 e5 7.Be3 Be6 8.f3 Be7
9.Qd2 O-O 10.O-O-O Nbd7 11.g4 b5 12.g5 b4 13.Ne2 Ne8 14.f4 a5 15.f5 a4 16.
Nbd4 exd4 17.Nxd4 b3 18.Kb1 bxc2+ 19.Nxc2 Bb3 20.axb3 axb3 21.Na3 Ne5 22.
Qg2 Kh8 23.h4 Ra4 24.Bd4 Qa5 25.Bc3 Qc5 26.Rh3 Nc7 27.Rc1 Qa7 28.Rg3 f6 
29.Bxe5 dxe5 30.gxf6 gxf6 31.Bc4 Rxc4 32.Rg1 Qa8 33.Re3 Ne8 34.Nxc4 Qa2+ 
35.Kc1 Bb4 36.Nd2 Bxd2+ 37.Kxd2 Qxb2+ 38.Kd3 Qd4+ 39.Ke2 b2 40.Kf3 Qb4 41.
Rb1 Rg8 42.Rxb2 Qf8 43.Qh3 Qh6 44.Rg2 Ng7 45.Qg4 Ra8 46.Rd3 Nh5 47.Rgd2 
Qf4+ 48.Qxf4 Nxf4 49.Rd8+ Rxd8 50.Rxd8+ Kg7 51.Rd7+ Kg8 52.Rc7 h5 53.Rc2 
Kf8 54.Ke3 Kf7 55.Rf2 Ke7 56.Rxf4 exf4+ 57.Kxf4 Kd6 58.e5+ 1-0

[Event "55th World U20 ch"]
[Site "Bhubaneswar IND"]
[Date "2016.08.12"]
[Round "5.10"]
[White "Harsha, Bharathakoti"]
[Black "Henriquez Villagra, Cristobal"]
[Result "1/2-1/2"]
[WhiteElo "2344"]
[BlackElo "2520"]
[EventDate "2016.08.08"]
[PlyCount "81"]

1.e4 c5 2.Nf3 d6 3.Bb5+ Nd7 4.O-O Nf6 5.Re1 a6 6.Bd3 e5 7.a4 Be7 8.c3 O-O 
9.Bc2 b6 10.d4 Qc7 11.Nbd2 Bb7 12.d5 c4 13.Nf1 Nc5 14.Ng3 g6 15.Bh6 Rfe8 
16.h3 Bf8 17.Qd2 Kh8 18.Ra3 Bxh6 19.Qxh6 Ng8 20.Qe3 Bc8 21.Nd2 Nb7 22.Qe2 
Na5 23.Ngf1 Bd7 24.Ne3 Rec8 25.Qf1 f6 26.Rea1 Ra7 27.Bd1 b5 28.Bg4 Bxg4 
29.hxg4 Rca8 30.R1a2 Ne7 31.Qd1 Kg7 32.axb5 axb5 33.b4 Nac6 34.Qa1 Rxa3 
35.Rxa3 Rxa3 36.Qxa3 Nb8 37.Qa8 Nc8 38.Nb1 Qa7 39.Qxa7+ Nxa7 40.Na3 Na6 
41.g3 1/2-1/2

[Event "55th World U20 ch"]
[Site "Bhubaneswar IND"]
[Date "2016.08.12"]
[Round "5.11"]
[White "Lorparizangeneh, Shahin"]
[Black "Yuan Qingyu"]
[Result "1/2-1/2"]
[WhiteElo "2478"]
[BlackElo "2366"]
[EventDate "2016.08.08"]
[PlyCount "154"]

1.Nf3 Nf6 2.g3 d5 3.Bg2 e6 4.O-O Be7 5.c4 O-O 6.d4 dxc4 7.Ne5 Nc6 8.Nxc6 
bxc6 9.Na3 Bxa3 10.bxa3 Nd5 11.Qa4 Nb6 12.Qa5 Rb8 13.e3 Bd7 14.a4 Qe7 15.
Bd2 Nd5 16.Rfc1 Rb7 17.e4 c3 18.Be1 Nf6 19.Bxc3 Rfb8 20.a3 c5 21.dxc5 Bc6 
22.Bxf6 gxf6 23.e5 Bxg2 24.Kxg2 fxe5 25.c6 Rb6 26.Qxe5 f6 27.Qf4 e5 28.
Qg4+ Qg7 29.Qd7 Qxd7 30.cxd7 R6b7 31.Rc6 Kf7 32.Rac1 Rd8 33.Rd1 Ke7 34.h3 
Rxd7 35.Rxd7+ Kxd7 36.Rxf6 Rb3 37.Rf7+ Kc6 38.Rxh7 Rxa3 39.Rh6+ Kd5 40.Ra6
c5 41.Rxa7 c4 42.h4 c3 43.h5 Kd6 44.h6 c2 45.h7 c1=Q 46.Ra6+ Ke7 47.h8=Q 
Rxg3+ 48.fxg3 Qc2+ 49.Kf3 Qd3+ 50.Kg4 Qe4+ 51.Kg5 Qe3+ 52.Kf5 Qd3+ 53.Kg5 
Qe3+ 54.Kg6 Qd3+ 55.Kg7 Qxa6 56.Qf8+ Kd7 57.Qf7+ Kd8 58.Qd5+ Kc8 59.Qc5+ 
Kd8 60.Qb4 Qc6 61.a5 e4 62.Kf7 Qc7+ 63.Ke6 Qxg3 64.Qd4+ Kc8 65.Qd7+ Kb8 
66.Qd8+ Kb7 67.Qb6+ Ka8 68.Qa6+ Kb8 69.Qb5+ Ka7 70.Qb6+ Ka8 71.Qc6+ Ka7 
72.Qxe4 Qb3+ 73.Kd6 Qa3+ 74.Kc6 Qc3+ 75.Kb5 Qb3+ 76.Qb4 Qxb4+ 77.Kxb4 Ka6 
1/2-1/2

[Event "55th World U20 ch"]
[Site "Bhubaneswar IND"]
[Date "2016.08.12"]
[Round "5.12"]
[White "Gajwa, Ankit"]
[Black "Tran Tuan Minh"]
[Result "0-1"]
[WhiteElo "2282"]
[BlackElo "2473"]
[EventDate "2016.08.08"]
[PlyCount "106"]

1.e4 c5 2.Nf3 d6 3.d4 cxd4 4.Nxd4 Nf6 5.Nc3 a6 6.Bg5 e6 7.f4 h6 8.Bh4 Be7 
9.Qf3 Qc7 10.O-O-O Nbd7 11.Bd3 g5 12.fxg5 Ne5 13.Qe2 Nfg4 14.Nf3 Nxf3 15.
Qxf3 Ne5 16.Qh5 Ng6 17.Bg3 hxg5 18.Qf3 Bd7 19.Be2 Ne5 20.Qe3 Rc8 21.Kb1 
Qc5 22.Bf2 Qxe3 23.Bxe3 b5 24.Rd4 Nc4 25.Bxc4 Rxc4 26.Rxc4 bxc4 27.Bd4 Rh6
28.b3 Bc6 29.bxc4 Rh4 30.g3 Rh3 31.Kb2 g4 32.Kb3 Rh5 33.a4 Bd8 34.Re1 Rxh2
35.Nd5 Rg2 36.Re3 Bg5 37.Nf4 Rg1 38.e5 dxe5 39.Bxe5 Rb1+ 40.Ka3 Be7+ 41.
Ka2 Rb4 42.c5 Rxa4+ 43.Kb3 Bxc5 44.Rc3 Ra3+ 45.Kc4 Rxc3+ 46.Bxc3 Bd6 47.
Bb4 Bxf4 48.gxf4 g3 49.Bc5 g2 50.Kb4 Kd7 51.Ka5 Bb5 52.Kb6 f6 53.Be3 Kd6 
0-1

[Event "55th World U20 ch"]
[Site "Bhubaneswar IND"]
[Date "2016.08.12"]
[Round "5.14"]
[White "Menezes, Christoph"]
[Black "Rajdeep, Sarkar"]
[Result "1-0"]
[WhiteElo "2408"]
[BlackElo "2351"]
[EventDate "2016.08.08"]
[PlyCount "69"]

1.d4 d5 2.c4 e6 3.Nf3 c6 4.Nbd2 Nf6 5.g3 Be7 6.Bg2 O-O 7.O-O Nbd7 8.Qc2 b6
9.e4 Ba6 10.b3 Rc8 11.Bb2 c5 12.exd5 exd5 13.Rfd1 Re8 14.Nf1 cxd4 15.Nxd4 
dxc4 16.Ne3 cxb3 17.Qb1 b5 18.Nc6 Qb6 19.Nxe7+ Rxe7 20.axb3 Rc7 21.Nf5 Re2
22.Bd4 Qe6 23.Be3 Rxe3 24.Nxe3 g6 25.Qb2 h6 26.Qd4 Kh7 27.Qf4 Ne5 28.Rxa6 
Qxa6 29.Qxe5 Rd7 30.Rxd7 Nxd7 31.Qe7 Qe6 32.Qxe6 fxe6 33.Bc6 Nc5 34.b4 Nd3
35.Nc2 1-0

[Event "55th World U20 ch"]
[Site "Bhubaneswar IND"]
[Date "2016.08.12"]
[Round "5.15"]
[White "Beukema, Stefan"]
[Black "Barath Kalyan, M."]
[Result "1-0"]
[WhiteElo "2380"]
[BlackElo "2197"]
[EventDate "2016.08.08"]
[PlyCount "93"]

1.e4 c5 2.Nf3 e6 3.d3 Nc6 4.g3 g6 5.h4 h6 6.Bg2 Bg7 7.O-O Nge7 8.Re1 e5 9.
Nc3 d6 10.Nd5 Nxd5 11.exd5 Ne7 12.Nd2 O-O 13.c3 f5 14.f4 exf4 15.gxf4 Bf6 
16.Nf3 Kh7 17.c4 Ng8 18.Rb1 Bd7 19.Bd2 Bxh4 20.Nxh4 Qxh4 21.b4 cxb4 22.
Bxb4 Qxf4 23.Bd2 Qh4 24.Rxb7 Rf7 25.Qf3 Raf8 26.Qf2 Qg4 27.Qf4 Ba4 28.Qxg4
fxg4 29.Rxf7+ Rxf7 30.Re6 Rf6 31.Bb4 Bc2 32.Bxd6 Bxd3 33.c5 Bc4 34.Re3 h5 
35.Be5 Rf8 36.c6 h4 37.d6 h3 38.d7 Bb5 39.Bd6 Rd8 40.Re8 Rxd7 41.cxd7 Bxd7
42.Rd8 Be6 43.Be4 Bxa2 44.Rd7+ Kh6 45.Bf4+ Kh5 46.Rh7+ Nh6 47.Rxh6# 1-0

[Event "55th World U20 ch"]
[Site "Bhubaneswar IND"]
[Date "2016.08.12"]
[Round "5.16"]
[White "Sammed Jaykumar, Shete"]
[Black "Xu Yi"]
[Result "1/2-1/2"]
[WhiteElo "2253"]
[BlackElo "2371"]
[EventDate "2016.08.08"]
[PlyCount "88"]

1.e4 e5 2.Nf3 Nc6 3.Bc4 Bc5 4.c3 Nf6 5.d3 d6 6.Bb3 a6 7.h3 O-O 8.Be3 Bxe3 
9.fxe3 Ne7 10.Nbd2 Ng6 11.Qe2 c6 12.g4 Be6 13.Rg1 Bxb3 14.axb3 Nd7 15.g5 
d5 16.h4 Re8 17.h5 Ngf8 18.Nh4 Ne6 19.exd5 cxd5 20.Nf5 e4 21.dxe4 Ndc5 22.
b4 Nxe4 23.Nxe4 dxe4 24.Rd1 Qc7 25.h6 Rad8 26.hxg7 Nxg7 27.Nh6+ Kf8 28.
Rxd8 Rxd8 29.Rf1 Rd7 30.Qg4 Qd6 31.Rf2 Qd3 32.Re2 Ne6 33.Nf5 Rd5 34.Kf2 
Qb5 35.Nd4 Nxd4 36.exd4 Rf5+ 37.Ke1 e3 38.Qe4 Qa4 39.Qxe3 Qa1+ 40.Kd2 
Qxb2+ 41.Kd3 Qb1+ 42.Kd2 Qb2+ 43.Kd3 Qb1+ 44.Kd2 Qb2+ 1/2-1/2

[Event "55th World U20 ch"]
[Site "Bhubaneswar IND"]
[Date "2016.08.12"]
[Round "5.17"]
[White "Wagner, Dennis"]
[Black "Krishna Teja, N."]
[Result "1-0"]
[WhiteElo "2572"]
[BlackElo "2282"]
[EventDate "2016.08.08"]
[PlyCount "101"]

1.d4 Nf6 2.c4 e6 3.Nc3 Bb4 4.Nf3 Bxc3+ 5.bxc3 Ne4 6.Qc2 f5 7.g3 b6 8.Bg2 
Bb7 9.O-O Nc6 10.Nd2 Nxd2 11.Bxd2 Na5 12.Bxb7 Nxb7 13.c5 Qe7 14.e4 O-O 15.
exf5 Rxf5 16.Qe4 c6 17.Rab1 Na5 18.Qe2 b5 19.a4 a6 20.axb5 axb5 21.Ra1 
Rff8 22.Bf4 Nc4 23.h4 Rae8 24.Ra7 h6 25.Qg4 Kh7 26.h5 Rf6 27.Rfa1 Rff8 28.
R1a6 Rc8 29.d5 cxd5 30.c6 Rcd8 31.Bc7 Qc5 32.Qd4 Qxd4 33.cxd4 dxc6 34.Bxd8
Rxd8 35.Rxc6 Nd6 36.g4 b4 37.Ra4 b3 38.Rb6 Nc4 39.Rxb3 Rf8 40.Kg2 Rf7 41.
Ra6 Re7 42.f4 Rf7 43.Rb8 g6 44.hxg6+ Kxg6 45.Rxe6+ Kg7 46.f5 h5 47.gxh5 
Rxf5 48.h6+ Kf7 49.h7 Rh5 50.Ra6 Rxh7 51.Rb7+ 1-0

[Event "55th World U20 ch"]
[Site "Bhubaneswar IND"]
[Date "2016.08.12"]
[Round "5.18"]
[White "Bersamina, Paulo"]
[Black "Rahul Srivatshav, P."]
[Result "1-0"]
[WhiteElo "2402"]
[BlackElo "2280"]
[EventDate "2016.08.08"]
[PlyCount "49"]

1.e4 c5 2.Nc3 e6 3.f4 d5 4.Nf3 dxe4 5.Nxe4 Nc6 6.Bb5 Bd7 7.O-O a6 8.Be2 
Nh6 9.Ne5 Nxe5 10.fxe5 Bc6 11.d3 Nf5 12.Qe1 c4 13.Kh1 Qd4 14.c3 Qxe5 15.
Bf4 Qb5 16.Bg4 cxd3 17.c4 Qxc4 18.Bxf5 Qd5 19.Bg5 Kd7 20.Bh3 f5 21.Nc3 Qd4
22.Rd1 Bc5 23.Qg3 Ke8 24.Rxd3 f4 25.Qe1 1-0

[Event "55th World U20 ch"]
[Site "Bhubaneswar IND"]
[Date "2016.08.12"]
[Round "5.19"]
[White "Pirverdiev, Agil"]
[Black "Ivic, Velimir"]
[Result "1/2-1/2"]
[WhiteElo "2364"]
[BlackElo "2270"]
[EventDate "2016.08.08"]
[PlyCount "71"]

1.e4 c5 2.Nf3 Nc6 3.d4 cxd4 4.Nxd4 g6 5.c4 Bg7 6.Be3 Nf6 7.Nc3 O-O 8.Be2 
d6 9.O-O Bd7 10.Qd2 Nxd4 11.Bxd4 Bc6 12.f3 a5 13.b3 Nd7 14.Be3 Nc5 15.Rab1
Be5 16.Kh1 e6 17.Qe1 Qe7 18.Rc1 g5 19.Qd2 g4 20.Bg5 f6 21.Bh6 f5 22.Bxf8 
Rxf8 23.f4 Bxc3 24.Qxc3 Nxe4 25.Qe1 Rf6 26.Bd3 Nc5 27.Bb1 Rh6 28.Rd1 Be4 
29.Kg1 Bxb1 30.Rxb1 Ne4 31.g3 Rh3 32.Qxa5 Qf6 33.Rbd1 Qb2 34.Qd8+ Kf7 35.
Qd7+ Kf6 36.Qd8+ 1/2-1/2

[Event "55th World U20 ch"]
[Site "Bhubaneswar IND"]
[Date "2016.08.12"]
[Round "5.20"]
[White "Ivekovic, Bozidar"]
[Black "Yogit, S."]
[Result "1-0"]
[WhiteElo "2351"]
[BlackElo "2270"]
[EventDate "2016.08.08"]
[PlyCount "139"]

1.d4 Nf6 2.c4 e6 3.Nf3 Bb4+ 4.Nbd2 b6 5.a3 Bxd2+ 6.Qxd2 O-O 7.e3 Bb7 8.Be2
Ne4 9.Qc2 d6 10.O-O f5 11.Rd1 Nd7 12.d5 Rf6 13.Nd4 Rh6 14.g3 Nf8 15.f3 Ng5
16.h4 Nf7 17.dxe6 Nxe6 18.Nxf5 Rf6 19.e4 c5 20.b3 g6 21.Nh6+ Nxh6 22.Bxh6 
Qc7 23.Qb2 Nd4 24.Kg2 Qf7 25.Rxd4 cxd4 26.Qxd4 Re8 27.Bd2 Qe6 28.Bc3 Ref8 
29.Rf1 h5 30.Bd3 Bc8 31.Qd5 Qxd5 32.cxd5 R6f7 33.Bb4 Rd8 34.Rc1 Bb7 35.a4 
Kg7 36.Kf2 Rdf8 37.f4 Rd7 38.Bb5 Rdd8 39.Bc6 Rf7 40.Bxb7 Rxb7 41.Rc6 Re8 
42.Kf3 Rbe7 43.Bc3+ Kf7 44.Rc4 Rd7 45.Bb4 b5 46.Rc6 bxa4 47.bxa4 Rb8 48.
Bxd6 Rb3+ 49.Kf2 Rb6 50.e5 Rxc6 51.dxc6 Rd8 52.Kf3 Ke6 53.g4 hxg4+ 54.Kxg4
Rg8 55.Kg5 Kd5 56.c7 Ke6 57.Bc5 a6 58.a5 Kd7 59.Kf6 Kxc7 60.e6 Rh8 61.Kxg6
Rxh4 62.f5 Re4 63.Kf7 Re5 64.f6 Kc6 65.Bd4 Re4 66.e7 Kd7 67.Kf8 Re6 68.Bb2
Re3 69.Ba3 Re6 70.f7 1-0

[Event "55th World U20 ch"]
[Site "Bhubaneswar IND"]
[Date "2016.08.12"]
[Round "5.21"]
[White "Belous, Mikhail"]
[Black "Chakravarthi Reddy, M."]
[Result "1/2-1/2"]
[WhiteElo "2343"]
[BlackElo "2228"]
[EventDate "2016.08.08"]
[PlyCount "63"]

1.d4 d5 2.c4 c6 3.e3 Nf6 4.Nf3 a6 5.Bd3 Bg4 6.Nbd2 Nbd7 7.Qc2 e6 8.O-O Bd6
9.b3 O-O 10.Bb2 Qb8 11.h3 Bh5 12.Ng5 h6 13.Ngf3 e5 14.dxe5 Nxe5 15.Nxe5 
Bxe5 16.Bxe5 Qxe5 17.g4 Bg6 18.Bxg6 fxg6 19.Qxg6 Ne4 20.f4 Qc3 21.Nxe4 
Qxe3+ 22.Nf2 Qg3+ 23.Kh1 Rxf4 24.cxd5 Raf8 25.dxc6 Qf3+ 26.Kg1 Qg3+ 27.Kh1
bxc6 28.Qxc6 Rxf2 29.Rxf2 Rxf2 30.Qa8+ Kh7 31.Qe4+ Kg8 32.Qa8+ 1/2-1/2

[Event "55th World U20 ch"]
[Site "Bhubaneswar IND"]
[Date "2016.08.12"]
[Round "5.22"]
[White "Dhulipalla, Bala Chandra Prasad"]
[Black "Gheorghiu, Calin"]
[Result "1-0"]
[WhiteElo "2276"]
[BlackElo "2343"]
[EventDate "2016.08.08"]
[PlyCount "149"]

1.e4 c5 2.Nf3 d6 3.g3 Nc6 4.Bg2 g6 5.O-O Bg7 6.c3 e5 7.d3 Nge7 8.a3 O-O 9.
b4 b6 10.b5 Na5 11.c4 h6 12.Nc3 Be6 13.Nd2 Qd7 14.Nb3 Nb7 15.Bd2 f5 16.
exf5 gxf5 17.f4 e4 18.dxe4 Bxc4 19.Re1 fxe4 20.Nxe4 d5 21.Bc3 d4 22.a4 
Rad8 23.Bb2 Nd6 24.Nbd2 Bd5 25.Qh5 Bf7 26.Qh4 Nef5 27.Nf6+ Bxf6 28.Qxf6 
Bh5 29.Qe5 Rde8 30.Qd5+ Bf7 31.Qc6 Qxc6 32.bxc6 Ne3 33.Bh3 Be6 34.Bxe6+ 
Rxe6 35.a5 b5 36.Nf3 Ndc4 37.Bxd4 cxd4 38.Nxd4 Rd6 39.Nxb5 Rxc6 40.Rac1 a6
41.Na3 Rfc8 42.Rc3 Nxa3 43.Rcxe3 Nc2 44.Re8+ Rxe8 45.Rxe8+ Kf7 46.Ra8 Kg6 
47.Kf2 Kf5 48.h3 Nb4 49.Rf8+ Rf6 50.g4+ Kg6 51.f5+ Kg7 52.Rb8 Nd5 53.Rd8 
Nc3 54.Rc8 Nb5 55.Ke3 Rd6 56.h4 Nd4 57.Kf4 Rc6 58.Rd8 Rc4 59.Rd7+ Kg8 60.
f6 Nc6+ 61.Kf5 Rxg4 62.Rc7 Rc4 63.Rc8+ Kf7 64.Rc7+ Kg8 65.Rc8+ Kf7 66.Rc7+
Ke8 67.Rc8+ Kd7 68.Rh8 Rc5+ 69.Kg6 Ne5+ 70.Kg7 Rc7 71.f7 Ke6 72.Rxh6+ Kf5 
73.Rh5+ Ke6 74.Rxe5+ Kxe5 75.Kg8 1-0

[Event "55th World U20 ch"]
[Site "Bhubaneswar IND"]
[Date "2016.08.12"]
[Round "5.23"]
[White "Srijit, Paul"]
[Black "Viennot, Dylan"]
[Result "1-0"]
[WhiteElo "2217"]
[BlackElo "2342"]
[EventDate "2016.08.08"]
[PlyCount "67"]

1.e4 e6 2.d4 d5 3.Nc3 Bb4 4.exd5 exd5 5.Qf3 Ne7 6.Bf4 Bf5 7.O-O-O c6 8.
Nge2 O-O 9.g4 Be6 10.h4 Nd7 11.Qg3 Rc8 12.h5 Re8 13.a3 Ba5 14.Bd6 Bc7 15.
Bxc7 Qxc7 16.Nf4 Nf8 17.Qf3 h6 18.Re1 Qd7 19.Bh3 Nh7 20.Nxe6 fxe6 21.Qe3 
c5 22.f4 cxd4 23.Qxd4 Rc4 24.Qd2 Rec8 25.g5 Nf5 26.Bxf5 exf5 27.Qxd5+ Qxd5
28.Nxd5 Rxc2+ 29.Kb1 hxg5 30.Ne7+ Kf7 31.fxg5 Nxg5 32.Nxf5 Rd2 33.Rhf1 Rc7
34.Nh6# 1-0

[Event "55th World U20 ch"]
[Site "Bhubaneswar IND"]
[Date "2016.08.12"]
[Round "5.24"]
[White "Evangelista, Paul Robert"]
[Black "Grandadam, Patrik"]
[Result "0-1"]
[WhiteElo "2020"]
[BlackElo "2325"]
[EventDate "2016.08.08"]
[PlyCount "104"]

1.e4 c5 2.Nc3 a6 3.g3 b5 4.Bg2 Bb7 5.Nge2 e6 6.d4 cxd4 7.Nxd4 b4 8.Nce2 
Nf6 9.Qd3 d5 10.e5 Ne4 11.f3 Nc5 12.Qe3 Nbd7 13.Bd2 Qb8 14.O-O Qxe5 15.Qf2
Qb8 16.Bxb4 Nd3 17.cxd3 Bxb4 18.Nb3 a5 19.d4 a4 20.a3 Be7 21.Nc5 Nxc5 22.
dxc5 Ba6 23.Rfc1 Qxb2 24.Bf1 Rc8 25.Nd4 Qxf2+ 26.Kxf2 Bxf1 27.Kxf1 Bxc5 
28.Rab1 O-O 29.Nb5 g6 30.Ke2 Be7 31.Kd3 Rxc1 32.Rxc1 Rb8 33.Rb1 Bc5 34.Nc3
Rxb1 35.Nxb1 Kf8 36.Nc3 Bxa3 37.Nxa4 Ke7 38.Nc3 Bb4 39.Ne2 e5 40.Ke3 Bc5+ 
41.Kd3 Ke6 42.Nc3 f5 43.Ke2 d4 44.Nb5 Bb6 45.h3 Kd5 46.g4 e4 47.gxf5 gxf5 
48.h4 Kc5 49.Na3 d3+ 50.Kd2 Ba5+ 51.Ke3 d2 52.fxe4 d1=Q 0-1

[Event "55th World U20 ch"]
[Site "Bhubaneswar IND"]
[Date "2016.08.12"]
[Round "5.25"]
[White "Rydstrom, Tom"]
[Black "Subhayan, Kundu"]
[Result "0-1"]
[WhiteElo "2315"]
[BlackElo "2189"]
[EventDate "2016.08.08"]
[PlyCount "102"]

1.e4 e6 2.d4 d5 3.Nc3 Nf6 4.e5 Nfd7 5.f4 c5 6.Nf3 Nc6 7.Be3 Be7 8.Qd2 O-O 
9.Be2 b6 10.O-O f6 11.exf6 Nxf6 12.Kh1 Bb7 13.Nd1 Ne4 14.Qe1 cxd4 15.Nxd4 
Nxd4 16.Bxd4 Bf6 17.c3 Bxd4 18.cxd4 Qf6 19.Nc3 Qxd4 20.Rd1 Qf6 21.Nxe4 
dxe4 22.Rd7 Bc6 23.Rd6 Bd5 24.b3 Qe7 25.Qb4 Rab8 26.Ba6 h6 27.h3 Kh7 28.
Rd1 Qc7 29.Bc4 a5 30.Qa3 Bxc4 31.bxc4 Qxc4 32.Rxb6 Rxb6 33.Qxf8 Rb2 34.f5 
Qe2 35.Rg1 Qf2 36.f6 Qxf6 37.Qa3 Qf2 38.Qxa5 Rxa2 39.Qe1 e3 40.Kh2 Qf4+ 
41.Kh1 Rf2 42.Qb1+ Kh8 43.Qg6 Qf5 44.Qg3 e2 45.Qe3 e5 46.Qd2 Qf4 47.Qd3 e4
48.Qb5 Qe3 49.Qb1 Qd3 50.Qb4 Rf1 51.Kh2 e1=Q 0-1

[Event "55th World U20 ch"]
[Site "Bhubaneswar IND"]
[Date "2016.08.12"]
[Round "5.26"]
[White "Basso, Pierluigi"]
[Black "Papakonstantinou, Dimitrios"]
[Result "1-0"]
[WhiteElo "2455"]
[BlackElo "2180"]
[EventDate "2016.08.08"]
[PlyCount "98"]

1.d4 Nf6 2.c4 g6 3.Nc3 Bg7 4.e4 d6 5.f3 O-O 6.Nge2 c5 7.Be3 Nc6 8.d5 Ne5 
9.Ng3 h5 10.Be2 h4 11.Nf1 e6 12.Nd2 exd5 13.cxd5 a6 14.O-O h3 15.g4 b5 16.
g5 Nfd7 17.f4 Nc4 18.Bxc4 bxc4 19.Nxc4 Nb6 20.Na5 Bd7 21.Qf3 f5 22.gxf6 
Qxf6 23.Kh1 Rae8 24.Rae1 Qh4 25.Rg1 Kh7 26.Rg3 Bh6 27.Rf1 Rf7 28.Rfg1 Rf6 
29.Ne2 Ref8 30.f5 Bxf5 31.exf5 Rxf5 32.Nf4 Rxf4 33.Bxf4 Qxf4 34.Qxf4 Rxf4 
35.Nb7 Nxd5 36.Rxg6 Rf2 37.Nxd6 Nf4 38.Ne4 Rg2 39.Rg4 Rxg1+ 40.Kxg1 Nd5 
41.Rg3 Be3+ 42.Kf1 Bd4 43.b3 a5 44.Ng5+ Kg6 45.Ne6+ Kf5 46.Nxd4+ cxd4 47.
Rxh3 Ke4 48.Ke1 Nf4 49.Rh4 Kd5 1-0

[Event "55th World U20 ch"]
[Site "Bhubaneswar IND"]
[Date "2016.08.12"]
[Round "5.27"]
[White "Palucha, Szymon"]
[Black "Studer, Noel"]
[Result "0-1"]
[WhiteElo "1932"]
[BlackElo "2477"]
[EventDate "2016.08.08"]
[PlyCount "126"]

1.e4 e6 2.d4 d5 3.Nd2 h6 4.Bd3 c5 5.exd5 Qxd5 6.Ngf3 cxd4 7.Bc4 Qd7 8.O-O 
Nc6 9.Nb3 a6 10.Nbxd4 Nxd4 11.Qxd4 Qxd4 12.Nxd4 b5 13.Bb3 Nf6 14.Bf4 Bc5 
15.Rad1 O-O 16.c3 Bb7 17.h3 Rfd8 18.Be3 Bf8 19.a4 b4 20.cxb4 Bxb4 21.Nc2 
Ba5 22.Na3 Nd5 23.Bd2 Bc7 24.g3 Rab8 25.Bc4 Nb6 26.Ba5 Rdc8 27.b3 Nxc4 28.
Nxc4 Bd5 29.Bxc7 Rxc7 30.Nd2 Rc2 31.Rfe1 Rb4 32.h4 g6 33.Kf1 Rd4 34.Nc4 
Bxc4+ 35.bxc4 Rdxc4 36.Ra1 Rb4 37.Re2 Rxe2 38.Kxe2 a5 39.Ra2 Kg7 40.Kf3 
Kf6 41.Ke3 Ke5 42.Ra3 Kf5 43.Kf3 Rc4 44.Ra2 Rc3+ 45.Kg2 Rc4 46.Kf3 Re4 47.
Ra1 g5 48.hxg5 hxg5 49.Ra2 g4+ 50.Kg2 Ke5 51.f3 gxf3+ 52.Kxf3 f5 53.Ra1 
Kf6 54.Ra2 Rb4 55.Ra3 e5 56.Ke3 Kg5 57.Kf3 Rc4 58.Kg2 Kg4 59.Kh2 e4 60.Ra2
Rc3 61.Rb2 Ra3 62.Rb8 Ra2+ 63.Kg1 Kxg3 0-1